What Christ thinks of the church; (Record no. 9897)
[ view plain ]
| 000 -LEADER | |
|---|---|
| fixed length control field | 00646nam a2200229I 4500 |
| 001 - CONTROL NUMBER | |
| control field | 413221 |
| 003 - CONTROL NUMBER IDENTIFIER | |
| control field | OSt |
| 005 - DATE AND TIME OF LATEST TRANSACTION | |
| control field | 20210205115454.0 |
| 008 - FIXED-LENGTH DATA ELEMENTS--GENERAL INFORMATION | |
| fixed length control field | 720922|1972||||||| |||| ||eng|c |
| 010 ## - LIBRARY OF CONGRESS CONTROL NUMBER | |
| LC control number | 58009548 |
| 040 ## - CATALOGING SOURCE | |
| Original cataloging agency | Wittenberg Univ Lib |
| Transcribing agency | DDC |
| 050 ## - LIBRARY OF CONGRESS CALL NUMBER | |
| Item number | ST888W |
| 082 ## - DEWEY DECIMAL CLASSIFICATION NUMBER | |
| Item number | ST888W |
| 092 ## - LOCALLY ASSIGNED DEWEY CALL NUMBER (OCLC) | |
| Classification number | 228.2 |
| Item number | ST888W |
| 100 1# - MAIN ENTRY--PERSONAL NAME | |
| Personal name | Stott, John R. W |
| 245 10 - TITLE STATEMENT | |
| Title | What Christ thinks of the church; |
| Remainder of title | insights from Revelation 2-3 |
| 260 ## - PUBLICATION, DISTRIBUTION, ETC. | |
| Place of publication, distribution, etc. | Downers Grove, Ill., |
| Name of publisher, distributor, etc. | InterVarsity |
| Date of publication, distribution, etc. | [1972, c1958] |
| 300 ## - PHYSICAL DESCRIPTION | |
| Extent | 128 p. |
| Other physical details | illus. |
| Dimensions | 18 cm |
| 610 20 - SUBJECT ADDED ENTRY--CORPORATE NAME | |
| Corporate name or jurisdiction name as entry element | Church of England |
| General subdivision | Sermons |
| 630 00 - SUBJECT ADDED ENTRY--UNIFORM TITLE | |
| Uniform title | Bible. |
| Name of part/section of a work | Revelation I-III |
| General subdivision | Sermons |
| 942 ## - ADDED ENTRY ELEMENTS (KOHA) | |
| Source of classification or shelving scheme | Dewey Decimal Classification |
| Koha item type | Books |
| Withdrawn status | Lost status | Source of classification or shelving scheme | Damaged status | Not for loan | Collection code | Home library | Current library | Shelving location | Date acquired | Total Checkouts | Full call number | Barcode | Date last seen | Price effective from | Koha item type |
|---|---|---|---|---|---|---|---|---|---|---|---|---|---|---|---|
| Dewey Decimal Classification | Non-fiction | Harvest Mission College | Harvest Mission College | General Stacks | 09.02.2021 | 228 ST888W | 011356 | 09.02.2021 | 09.02.2021 | Books |
